Terminologická poznámka o pomenovaní výsledku univerbizácie

Bibliographic Details
Main Author: Palková, Lenka (Author)
Format: Article
Language:Slovak
ISSN:0023-5202
Subjects:

MARC

LEADER 00000nab a2200000 a 4500
001 vtls010691691
003 SK-MaSNL
005 20260305002614.0
008 150710c2015 xo br p 000 a0slo
015 |a SNBRB2015/07 
038 |a SVKPOCL 
040 |a SVKPOCL  |b slo  |c SVKPOCL  |e AACR2 
041 0 |a slo 
044 |a xo  |c SK 
080 |a 80(=16)+908(4)  |2 2001 
080 |a 81'1  |2 2001 
080 |a 811.162.4  |2 2001 
080 |a (048.8)  |2 2001 
080 |a 81'373.611  |2 2001 
100 1 |a Palková, Lenka  |4 aut  |9 352078 
245 1 0 |a Terminologická poznámka o pomenovaní výsledku univerbizácie  |c Lenka Palková 
500 |a Časopis vychádza aj online na stránke http://www.juls.savba.sk/ediela/ks/ 
500 |a V rubrike Diskusie 
504 |a Bibliogr. odkazy 
650 0 7 |a lingvistika  |2 svkpocl  |9 860 
650 0 7 |a slovenčina  |2 svkpocl  |9 1350 
650 0 7 |a univerbizácia  |2 svkpocl  |9 119306 
650 0 7 |a univerbát  |2 svkpocl  |9 1578713 
650 0 7 |a slavistika  |2 svkpocl  |9 4282 
650 0 7 |a tvorenie slov  |2 svkpocl  |9 15995 
655 7 |a štúdie  |2 svkpocl  |9 57033 
655 7 |a články z novín a časopisov  |2 svkpocl  |9 267496 
773 0 |t Kultúra slova  |g Roč. 49, č. 3 (2015), s.151-156  |x 0023-5202 
852 |a SVKPO  |b KIS3GCP 
856 4 1 |a http://www.juls.savba.sk/ediela/ks/ 
958 |a SK 
958 |a SS 
958 |a NB 
999 |c 3226233  |d 3228163